000 00693mm a2200205a 44500
001 NM030026
003 RG CODE MARC
008 55020n ||||||||||||||000 | spa||
005 20251028183339.0
040 _aORG CODE MARC
100 _aAlexander, Dana
_940877
245 _aManual para el ministerio a los sordos en países de América Latina
_cDana Alexander
300 _aviii, 112 p.
_bil. ; 22 cm.
500 _aDuplicación realizada por: Ministerio Integr. y Evang. Sordos e Hipoacústicos
500 _aRevisión. Originalmente publicado: Greenacres, Wash. : [El autor], 1988
500 _aContiene "Lenguaje de señas"
653 _aSORDO
653 _aMISIONES
942 _cBK
999 _c29333
_d29333